Statistics for Hockey Chain

Click here to take the quiz!

General Stats

  • This quiz has been taken 25 times
  • The average score is 11 of 20

Answer Stats

HintAnswer% Correct
Most pointsGretzky
90%
Newest TeamKraken
85%
San JoseSharks
80%
TwigStick
75%
Red WingYzerman
70%
TrophyNorris
65%
LucRobitaille
60%
NYI to TORTavares
60%
AvalancheSakic
55%
Captain SerousToews
55%
AppleAssist
50%
LondonKnights
50%
88Lindros
50%
TrophyCalder
45%
RickNash
45%
Tall All Star MVPScott
40%
LeagueECHL
35%
Flyers former arenaSpectrum
30%
Slinky for a spineHasek
15%
Wayne's World donutMikita
15%

Score Distribution

Percentile by Number Answered

Percent of People with Each Score

Your Score History

You have not taken this quiz